[Event "Idaho Closed"]
[Site "Twin Falls, ID"]
[Date "2009.02.14"]
[Round "2.3"]
[White "Weyland, Phil"]
[Black "Lundy III, George W"]
[Result "1-0"]
[WhiteElo "1864"]
[BlackElo "1481"]

1. d4 f5 2. c4 Nf6 3. Nc3 e6 4. Nf3 d6 5. Bg5 Be7 6. e3 Nbd7 7. Bd3 O-O 8. Qc2
h6 9. Bxf6 Nxf6 10. d5 e5 11. Bxf5 Bxf5 12. Qxf5 Qd7 13. Nh4 a6 14. Qxd7 Nxd7
15. Ng6 Rf7 16. Nxe7+ Rxe7 17. Ke2 Rf8 18. Ne4 Nf6 19. Nxf6+ Rxf6 20. f3 Kh7
21. b4 g5 22. h4 Kg6 23. hxg5 hxg5 24. Rh8 Rh7 25. Rg8+ Rg7 26. Rb8 c6 27.
dxc6 bxc6 28. Rb6 d5 29. Rxa6 Rb7 30. a3 dxc4 31. Rc1 c5 32. Rxf6+ Kxf6 33.
Rxc4 {#r} 1-0

[Event "Idaho Closed"]
[Site "Twin Falls, ID"]
[Date "2009.02.16"]
[Round "6.7"]
[White "Lundy III, George W"]
[Black "Ramalingam, Deeban"]
[Result "1-0"]
[WhiteElo "1481"]
[BlackElo "1080"]

1. e4 e5 2. Nf3 Nc6 3. Bb5 a6 4. Bxc6 dxc6 5. h3 Bd6 6. O-O Nf6 7. Re1 O-O 8.
d3 Nd7 9. Bg5 Be7 10. Bxe7 Qxe7 11. Nbd2 b5 12. Nf1 f5 13. exf5 Qf6 14. Ng3
Bb7 15. c3 Rfe8 16. Qd2 c5 17. Ne4 Bxe4 18. dxe4 Rad8 19. Qg5 Qxg5 20. Nxg5
Nf8 21. Rad1 h6 22. Nf3 g6 23. g4 gxf5 24. exf5 Rd7 25. Rxd7 Nxd7 26. Rd1 Re7
27. Kf1 Nb6 28. b3 Kf7 29. Ke2 Kf6 30. Rd8 a5 31. Rf8+ Kg7 32. f6+ Kxf8 33.
fxe7+ Kxe7 34. Nxe5 a4 35. c4 axb3 36. axb3 bxc4 37. Nxc4 Nxc4 38. bxc4 Ke6
39. f4 Kf6 40. Kd3 h5 41. Kc3 hxg4 42. hxg4 Ke6 43. Kb3 c6 44. Ka4 Kf6 45. Ka5
Ke6 46. Kb6 Kd6 47. g5 Ke6 48. g6 Kf6 49. f5 Kg7 50. Kxc6 Kf6 51. Kxc5 Kg7 52.
Kd6 Kf6 53. c5 Kg7 54. Ke7 Kh6 55. Kf6 Kh5 56. g7 Kg4 57. g8=Q+ Kf4 58. Qe6
Kf3 59. Kg5 Kg3 60. Qe3+ Kg2 {#r} 1-0

[Event "SIO"]
[Site "Twin Falls, ID"]
[Date "2009.11.14"]
[Round "2.9"]
[White "Patterson, Kevin R"]
[Black "Lundy III, George W"]
[Result "0-1"]
[WhiteElo "1209"]
[BlackElo "1456"]

1. e4 e5 2. d4 exd4 3. c3 d3 4. Bxd3 Bc5 5. Bf4 d6 6. h3 Nc6 7. Nf3 h6 8. O-O
Nge7 9. Nbd2 Ng6 10. Bg3 Be6 11. Re1 O-O 12. e5 Ngxe5 13. Nxe5 dxe5 14. Nf3 f6
15. Qc2 Bd5 16. Bh7+ Kh8 17. Rad1 e4 18. Bxe4 Bxe4 19. Rxe4 Qc8 20. Nh4 Re8
21. Ng6+ Kg8 22. Rde1 Rxe4 23. Qxe4 Bb6 24. Nf4 Qd7 25. Bh4 g5 26. Qg6+ Qg7
27. Qxg7+ Kxg7 28. Ne6+ Kf7 29. Nxg5+ hxg5 30. Bg3 Rd8 31. Re2 Ne7 32. Kf1
Rd1+ 33. Re1 Rxe1+ 34. Kxe1 Nf5 35. Ke2 Nxg3+ 36. fxg3 f5 37. Kf3 c6 38. b3
Bc7 39. g4 f4 40. Ke4 Ke6 41. c4 Bd6 42. Kd4 b6 43. Ke4 Ba3 44. h4 Be7 45. h5
a5 46. h6 Bf6 47. h7 Bb2 48. Kf3 b5 49. cxb5 cxb5 50. Ke2 Kd5 51. Kd2 Ke4 52.
Ke2 Bc3 53. Kf2 Bd4+ 54. Ke2 b4 55. Kf1 f3 56. Ke1 fxg2 {#R} 0-1

[Event "SIO"]
[Site "Twin Falls, ID"]
[Date "2009.11.15"]
[Round "4.8"]
[White "Lundy III, George W"]
[Black "Uriarte, Andrew"]
[Result "1-0"]
[WhiteElo "1456"]
[BlackElo "1202"]

1. e4 e5 2. Nf3 d6 3. d4 exd4 4. c3 dxc3 5. Bc4 Be7 6. O-O Nc6 7. Nxc3 Nf6 8.
e5 dxe5 9. Qxd8+ Nxd8 10. Nxe5 Be6 11. Re1 O-O 12. Bg5 h6 13. Bh4 Bxc4 14.
Nxc4 Re8 15. Bxf6 gxf6 16. Nd5 Ne6 17. f4 Bc5+ 18. Kf1 c6 19. Nxf6+ Kf8 20.
Nxe8 Rxe8 21. f5 Nd4 22. Rxe8+ Kxe8 23. Re1+ Kf8 24. Ne5 Bd6 25. Nd7+ Kg7 26.
f6+ Kh7 27. Rd1 Nf5 28. Rd3 Bxh2 29. g4 Nd6 30. Kg2 Nc4 31. Kxh2 Nxb2 32. Rb3
Nc4 33. Rxb7 a5 34. Nb6 Ne5 35. Kh3 Kg6 36. Rc7 Kg5 37. Nd7 Nxg4 38. Rxc6 Nf2+
39. Kg2 Ng4 40. Rc5+ Kg6 41. Rxa5 Nxf6 42. Ra6 h5 43. Nxf6 Kg5 44. Ne4+ Kg4
45. Nf2+ Kg5 46. Rb6 f5 47. a4 Kf4 48. a5 Ke3 49. a6 f4 50. Re6+ Kd4 51. a7
Kd5 52. Re1 Kd4 53. a8=Q Kc3 54. Re7 Kd4 55. Qd8+ Kc5 56. Rc7+ {#r} 1-0

[Event "Idaho Closed"]
[Site "Boise, ID"]
[Date "2010.02.14"]
[Round "3.15"]
[White "Lundy III, George W"]
[Black "Min, Michael"]
[Result "1-0"]
[WhiteElo "1458"]
[BlackElo "404"]

1. e4 e5 2. Nf3 Nc6 3. Bb5 Nd4 4. Bc4 Nxf3+ 5. Qxf3 Nf6 6. d3 Bb4+ 7. c3 Bc5
8. Bg5 Be7 9. Nd2 h6 10. Bh4 d5 11. Bb3 Be6 12. Bc2 O-O 13. Bxf6 Bxf6 14. O-O
dxe4 15. Nxe4 Bd5 16. Nxf6+ gxf6 17. Qf5 Kh8 18. d4 Be4 19. Bxe4 Qd7 {#r} 1-0

[Event "Idaho Closed"]
[Site "Boise, ID"]
[Date "2010.02.14"]
[Round "4.5"]
[White "Buckendorf Jr., Glen"]
[Black "Lundy III, George W"]
[Result "1-0"]
[WhiteElo "1800"]
[BlackElo "1458"]

1. e4 e5 2. Nf3 Nc6 3. Bb5 a6 4. Ba4 Bc5 5. O-O Nge7 6. Nc3 d6 7. Nd5 Bg4 8.
Ne3 Bxe3 9. fxe3 Ng6 10. Bxc6+ bxc6 11. d4 Nh4 12. dxe5 Nxf3+ 13. gxf3 Bh3 14.
Rf2 Qg5+ 15. Kh1 Qxe5 16. Qd3 O-O 17. f4 Qb5 18. c4 Qb4 19. Bd2 Qxb2 20. Rg1
f6 21. Rf3 Be6 22. Rfg3 g6 23. f5 Bf7 24. Bc3 Qxa2 25. fxg6 hxg6 26. Bxf6 Qxc4
27. Rxg6+ Kh7 28. R6g4 {#r} 1-0

[Event "Idaho Closed"]
[Site "Boise, ID"]
[Date "2010.02.15"]
[Round "5.13"]
[White "Lundy III, George W"]
[Black "Patterson, Kevin R"]
[Result "1/2-1/2"]
[WhiteElo "1458"]
[BlackElo "1184"]

1. e4 c6 2. d4 d5 3. e5 Bf5 4. Bd3 Bxd3 5. Qxd3 e6 6. Nf3 h6 7. Nbd2 Ne7 8.
Nf1 Nd7 9. Ng3 Ng6 10. Nh5 Qb6 11. c3 Ne7 12. Ng3 g6 13. b4 Bg7 14. Be3 O-O
15. O-O Qd8 16. Qd2 Kh7 17. h4 f5 18. Bf4 Rh8 19. a4 Nb6 20. Qe2 Nc4 21. Nd2
Nxd2 22. Bxd2 Nc8 23. h5 g5 24. f4 g4 25. a5 Bf8 26. Qd3 Qe8 27. Kf2 a6 28.
Rh1 Qf7 29. Rh4 Rg8 30. Rah1 Be7 31. R4h2 Na7 32. Nf1 Rg7 33. g3 Rc8 34. Be3
Qf8 35. Nd2 Rc7 36. Rb1 Qb8 37. Rhh1 b5 38. Nb3 Qd8 39. Kg2 Rc8 40. Bf2 Kh8
41. Na1 Qd7 42. Nc2 Rf8 43. Rbe1 Bd8 44. Ne3 Rgg8 45. Rh2 Rg7 46. Reh1 Rfg8
47. Kf1 Rf8 48. Ng2 Rfg8 49. Ke1 Qf7 50. Qf1 Be7 51. Qg1 Kh7 52. Kd2 Nc8 53.
Qb1 Kh8 54. Qd3 Na7 55. Qf1 Qf8 56. Qb1 Qc8 57. Rh4 Qe8 58. R1h2 Bxh4 59. Rxh4
Nc8 60. Qh1 Ne7 61. Ke3 Qf7 62. Bg1 Rh7 63. Kf2 Rgg7 64. Ne1 Kg8 65. Nd3 Qe8
66. Nc5 Qc8 67. Qg2 Rf7 68. Rh1 Rhg7 69. Qh2 Kh7 70. Ke3 Rf8 71. Qh4 Rff7 {#d}
1/2-1/2

[Event "Idaho Closed"]
[Site "Boise, ID"]
[Date "2010.02.15"]
[Round "6.12"]
[White "McGarvey, James H"]
[Black "Lundy III, George W"]
[Result "1-0"]
[WhiteElo "1681"]
[BlackElo "1458"]

1. d4 f5 2. e4 fxe4 3. Nc3 Nf6 4. Bg5 g6 5. Bxf6 exf6 6. Nxe4 d5 7. Nc3 Bg7 8.
Qe2+ Kf7 9. O-O-O Re8 10. Qf3 c6 11. Bd3 Nd7 12. Kb1 Nb6 13. Nge2 Be6 14. Nf4
Qd7 15. Nxe6 Rxe6 16. Ne2 Bh6 17. h4 Kg7 18. h5 Qe7 19. hxg6 hxg6 20. Nf4 Bxf4
21. Qxf4 Rh8 22. Rxh8 Kxh8 23. Bxg6 Nd7 24. f3 b6 25. Rh1+ Kg8 26. Qh4 Qg7 27.
Qg4 Nf8 28. Bh7+ Kf7 29. Qh5+ Ke7 30. Bf5 Re2 31. g4 a5 32. Qh4 Ng6 33. Qg3
Kf7 34. Qc7+ Ne7 35. a3 {#r} 1-0

[Event "WIO (Open)"]
[Site "Boise, ID"]
[Date "2011.12.10"]
[Round "2.3"]
[White "Kircher, Caleb Paul"]
[Black "Lundy III, George"]
[Result "1/2-1/2"]
[WhiteElo "1781"]
[BlackElo "1461"]

1. e4 e5 2. Bc4 d6 3. Nf3 Be7 4. h3 Nf6 5. Qe2 O-O 6. c3 Be6 7. Bxe6 fxe6 8.
d3 Nfd7 9. O-O Nc6 10. b4 a6 11. Bb2 Bg5 12. Nbd2 Bxd2 13. Nxd2 Qe7 14. a4 b5
15. a5 Rf7 16. Nf3 Raf8 17. Bc1 h6 18. Be3 Nf6 19. Rad1 Nh5 20. Nxe5 Ng3 21.
fxg3 Rxf1+ 22. Rxf1 Rxf1+ 23. Qxf1 Nxe5 24. Bd4 Nc6 25. Qf2 Qf7 26. Kf1 Qxf2+
27. Bxf2 h5 28. Ke2 Kf7 29. Kd2 d5 30. exd5 exd5 31. Be3 Nd8 32. Bf4 c6 33.
Ke3 Kf6 34. h4 Kf5 35. c4 Ne6 36. cxb5 cxb5 37. Bd6 Kg4 38. Be5 g6 39. Bd6 Kf5
40. d4 Kg4 {#d} 1/2-1/2

[Event "Idaho Closed"]
[Site "Boise, ID"]
[Date "2012.02.18"]
[Round "2.1"]
[White "Lundy III, George"]
[Black "Parsons, Larry R"]
[Result "0-1"]
[WhiteElo "1567"]
[BlackElo "2000"]

1. e4 g6 2. Nf3 Bg7 3. d4 d6 4. h3 Nf6 5. Bd3 O-O 6. O-O c6 7. c3 Qc7 8. Bf4
Nh5 9. Bh2 e5 10. Bc2 Nd7 11. Nbd2 b5 12. Re1 a5 13. a3 c5 14. d5 c4 15. Nf1
Nc5 16. N3d2 Bh6 17. Qe2 Bf4 18. Ng3 Ng7 19. Rad1 Ba6 20. Ngf1 Bh6 21. Rb1
Rab8 22. Red1 f5 23. f3 b4 24. axb4 axb4 25. Bg3 b3 26. Bd3 cxd3 27. Qe1 Nh5
28. Bf2 Nf4 29. Kh1 Ne2 30. Be3 f4 31. Bf2 Nd7 32. Nh2 Nf6 33. Ng4 Bg7 34. Nf1
h5 35. Ngh2 g5 36. Rd2 h4 37. Ng4 Nxg4 38. hxg4 Bf6 39. Kh2 Bc4 40. Kh3 Ra8
41. Rdd1 Rfb8 42. Ra1 Ra2 43. Rab1 Ba6 44. Nh2 Bd8 45. Nf1 Qe7 46. Nh2 Bb6 47.
Bxb6 Rxb6 48. Qf2 Qc7 49. Qe1 Ng3 50. Rd2 Qc5 51. Nf1 Ne2 52. Rdd1 Rb7 53. Nh2
Rc7 54. Nf1 Qg1 55. Nh2 Qxe1 56. Rxe1 d2 {#R} 0-1

[Event "Idaho Closed"]
[Site "Boise, ID"]
[Date "2012.02.19"]
[Round "4.5"]
[White "Kircher, Caleb Paul"]
[Black "Lundy III, George"]
[Result "1/2-1/2"]
[WhiteElo "1793"]
[BlackElo "1567"]

1. d4 g6 2. c4 Bg7 3. Nc3 c5 4. Nf3 cxd4 5. Nxd4 Nc6 6. e3 Nf6 7. g3 O-O 8.
Bg2 Nxd4 9. exd4 a6 10. O-O Rb8 11. Bf4 d6 12. c5 Nh5 13. cxd6 Nxf4 14. dxe7
Qxe7 15. gxf4 Qh4 16. Nd5 Rd8 17. Qe2 Be6 18. Nc7 Bg4 19. Qe3 Bxd4 20. Qg3 Qh5
21. h3 Bf5 22. Kh2 Bxb2 23. Bf3 Qh6 24. Rad1 Qf8 25. Qh4 Ba3 26. Nd5 h6 27.
Rde1 Be6 28. Nf6+ Kg7 29. Nh5+ Kh7 {#d} 1/2-1/2

[Event "Idaho Closed"]
[Site "Boise, ID"]
[Date "2012.02.20"]
[Round "6.9"]
[White "Lundy III, George"]
[Black "Bruck, Nick Jon"]
[Result "0-1"]
[WhiteElo "1567"]
[BlackElo "1340"]

1. e4 e5 2. Nf3 d6 3. h3 Nf6 4. d3 Nc6 5. c3 g6 6. Be2 Bg7 7. Be3 O-O 8. Nbd2
Be6 9. O-O d5 10. Bc5 Re8 11. Qc2 Bh6 12. Rad1 Qd7 13. Nh2 Ne7 14. Be3 Bg7 15.
g4 Qc8 16. f3 c5 17. Bf2 d4 18. c4 a6 19. a4 Qc6 20. Ra1 b5 21. axb5 axb5 22.
b3 bxc4 23. bxc4 Rxa1 24. Rxa1 Ra8 25. Qb2 Nd7 26. Bd1 Rb8 27. Qa3 Nb6 28. Be1
f5 29. Nb3 Ra8 30. Qb2 Rxa1 31. Qxa1 fxe4 32. fxe4 Nxc4 33. dxc4 Qxe4 34. Bf3
Qe3+ {#R} 0-1

[Event "Idaho Open (Open)"]
[Site "Pocatello, ID"]
[Date "2012.04.21"]
[Round "1.2"]
[White "Lundy, III."]
[Black "Belanoff, Ted"]
[Result "0-1"]
[WhiteElo "1562"]
[BlackElo "2139"]

1. e4 e5 2. Nf3 Nc6 3. Bb5 a6 4. Bxc6 dxc6 5. h3 h6 6. O-O Qf6 7. d3 g5 8. b3
g4 9. hxg4 Bxg4 10. Nbd2 Ne7 11. Bb2 Ng6 12. Qe1 Rg8 13. Nh2 Nf4 14. Nxg4 Rxg4
15. g3 Bc5 16. Nf3 Rxg3+ {#R} 0-1

[Event "Idaho Open (Open)"]
[Site "Pocatello, ID"]
[Date "2012.04.21"]
[Round "2.5"]
[White "Black, Stephen Rex"]
[Black "Lundy, III."]
[Result "0-1"]
[WhiteElo "1119"]
[BlackElo "1562"]

1. d4 g6 2. e4 Bg7 3. c4 c5 4. d5 b5 5. Qd2 Nf6 6. Bd3 bxc4 7. Bc2 Bb7 8. Nc3
O-O 9. f3 d6 10. g4 Nbd7 11. h3 a6 12. f4 Nb6 13. Nge2 Qd7 14. Ng3 Rae8 15. g5
Nfxd5 16. Nxd5 Nxd5 17. exd5 e5 18. Ne4 exf4 19. Qxf4 Bxd5 20. Kd2 Bxe4 21.
Bxe4 Qe6 22. Bf3 Re7 23. Kc2 Rb8 24. h4 Be5 25. Qg4 Qxg4 26. Bxg4 d5 27. Rb1
d4 28. Rf1 d3+ 29. Kd1 c3 30. Rf2 Bg3 31. bxc3 Rxb1 32. Kd2 Bxf2 33. Ba3 Rg1
34. Bf5 gxf5 35. Kxd3 Rg3+ 36. Kc4 Re4+ 37. Kd5 Rxc3 38. Bb2 Rd3+ 39. Kc6 Re2
40. Bf6 Rxa2 41. h5 Ra5 42. Kc7 Bd4 43. Bxd4 Rxd4 44. h6 Rb5 45. Kc6 c4 46. g6
c3 47. gxf7+ Kf8 48. Kc7 c2 49. Kc8 c1=Q# 0-1

[Event "Idaho Open (Open)"]
[Site "Pocatello, ID"]
[Date "2012.04.22"]
[Round "4.4"]
[White "Black, Clancey George"]
[Black "Lundy, III."]
[Result "1/2-1/2"]
[WhiteElo "1561"]
[BlackElo "1562"]

1. e4 e5 2. Nf3 Nc6 3. Bc4 Be7 4. d4 exd4 5. Nxd4 Bc5 6. Qh5 Qf6 7. Bg5 Qg6 8.
Qxg6 hxg6 9. Nb5 Bb6 10. Be3 a6 11. N5c3 Bxe3 12. fxe3 Nge7 13. O-O Ne5 14.
Bb3 c6 15. Nd2 d6 16. Nc4 Nxc4 17. Bxc4 f6 18. Rad1 b5 19. Bb3 a5 20. a3 a4
21. Ba2 Kd7 22. Rd2 Kc7 23. Rfd1 Bg4 24. Ne2 Rad8 25. h3 Bxe2 26. Rxe2 g5 27.
c4 bxc4 28. Bxc4 Ng6 29. Rc1 Ne5 30. Bb5 Ra8 31. Rec2 c5 32. Bc4 Rhb8 33. Bd5
Ra6 34. Rb1 Rab6 35. Bc4 Nc6 36. Kh2 Ne5 37. Kg3 Rh8 38. Be6 Rh4 39. Bf5 Rh8
40. Be6 Rh4 41. Bf5 Rh8 42. Be6 {#d} 1/2-1/2

[Event "Idaho Open (Open)"]
[Site "Pocatello, ID"]
[Date "2012.04.22"]
[Round "5.4"]
[White "Lundy, III."]
[Black "Owen, Gary"]
[Result "1-0"]
[WhiteElo "1562"]
[BlackElo "1608"]

1. e4 e5 2. Nf3 Nf6 3. Nxe5 Qe7 4. d4 d6 5. Nf3 Qxe4+ 6. Qe2 Bf5 7. Nc3 Qxe2+
8. Bxe2 Bxc2 9. Nb5 Na6 10. O-O O-O-O 11. Nxa7+ Kb8 12. Nc6+ bxc6 13. Bxa6 Ka7
14. Be2 Be7 15. Be3 Kb7 16. Rfc1 Be4 17. a4 h6 18. Nd2 Bd5 19. Nc4 Bxc4 20.
Bxc4 d5 21. Be2 g5 22. a5 Rd6 23. Rc3 Nd7 24. a6+ Ka7 25. b4 Re6 26. Bg4 Rd6
27. b5 Nb8 28. Be2 f5 29. Bc1 Bf6 30. Ra4 Re8 31. Bf1 Rde6 32. Ba3 Be7 33.
Bc5+ Bxc5 34. Rxc5 R8e7 35. Rb4 Rd6 36. g3 cxb5 37. Rbxb5 c6 38. Rb1 Rc7 39.
Rbc1 Nd7 40. R5c3 Nf6 41. R3c2 g4 42. Rb1 Ne4 43. Rcb2 c5 44. Rb7+ Rxb7 45.
Rxb7+ Ka8 46. dxc5 Nxc5 47. Rf7 d4 48. Bg2+ Ne4 49. Rxf5 Ka7 50. Bxe4 d3 51.
Rd5 Rxd5 52. Bxd5 Kxa6 53. Bc4+ {#r} 1-0

[Event "Meridian Invitational"]
[Site "Meridian, ID"]
[Date "2012.06.23"]
[Round "1.1"]
[White "Lundy III, George W"]
[Black "Kircher, Caleb Paul"]
[Result "0-1"]
[WhiteElo "1583"]
[BlackElo "1789"]

1. e4 d5 2. exd5 Nf6 3. c4 c6 4. Nc3 cxd5 5. cxd5 Nxd5 6. Bb5+ Bd7 7. Bxd7+
Qxd7 8. Qa4 Nc6 9. d4 Ndb4 10. d5 Nxd5 11. Nge2 Nb6 12. Qb5 e5 13. Be3 Bb4 14.
Rd1 Qe7 15. O-O O-O 16. a3 Bd6 17. Bxb6 axb6 18. Qxb6 Ra6 19. Qe3 Bc5 20. Qf3
Nd4 21. Nxd4 Bxd4 22. Nd5 Qd7 23. b4 Rd6 24. Ne3 Rd8 25. Nc4 Bxf2+ 26. Kxf2
Rxd1 27. Rxd1 Qxd1 28. Nxe5 Rd2+ 29. Kg3 Qe1+ {#R} 0-1

[Event "Meridian Invitational"]
[Site "Meridian, ID"]
[Date "2012.06.23"]
[Round "3.3"]
[White "Olsoy, Peter John"]
[Black "Lundy III, George W"]
[Result "0-1"]
[WhiteElo "1615"]
[BlackElo "1583"]

1. d4 Nf6 2. c4 c5 3. d5 g6 4. Nc3 d6 5. e4 Bg7 6. Bd3 O-O 7. Nge2 a6 8. O-O
Nbd7 9. f4 Qc7 10. h3 b6 11. Be3 Bb7 12. Qd2 e5 13. f5 Rae8 14. Bh6 Bc8 15.
Bxg7 Kxg7 16. Ng3 Qd8 17. Be2 Rg8 18. Kh2 Nf8 19. fxg6 fxg6 20. Rf3 N8d7 21.
Raf1 Ref8 22. Bd1 Rf7 23. Qf2 Rgf8 24. h4 Qe8 25. Kh1 Kg8 26. Qd2 Kg7 27. Ba4
Qe7 28. Qf2 Kg8 29. Qd2 Ng4 30. Qg5 Qxg5 31. hxg5 Rxf3 32. Rxf3 Rxf3 33. gxf3
Ne3 34. b3 Nc2 35. Bc6 Nd4 36. Kg2 Nb8 37. Ba8 b5 38. cxb5 axb5 39. a4 b4 40.
Nb5 Nxb3 41. Nxd6 Ba6 42. Nb5 Bxb5 43. axb5 Na5 44. Ne2 b3 45. Nc3 Kf7 46. Bc6
Ke7 47. Kf2 Nc4 48. Ke2 Na3 49. Na4 Kd6 50. Nb2 c4 51. Kd2 Nd7 52. Kc1 Nb6 53.
Be8 Nd7 54. Bxd7 Kxd7 55. b6 c3 56. Na4 b2+ 57. Nxb2 cxb2+ 58. Kxb2 Nc4+ 59.
Kc3 Nxb6 60. Kd3 Kd6 61. Ke2 Nc4 62. Kf2 Nd2 63. Kg3 Nf1+ 64. Kf2 Nd2 65. Ke2
Nc4 66. Kf2 Nb6 67. Ke3 Nd7 68. Kf2 Nb6 69. Ke3 Nc8 70. Kf2 Ke7 71. Kg3 Nd6
72. Kg4 Kf7 73. Kg3 Kg7 74. Kg4 h6 75. gxh6+ Kxh6 76. Kg3 g5 77. Kg4 Kg6 78.
Kg3 Kh5 79. Kh3 Ne8 80. Kg3 Kg6 81. Kf2 Kf7 82. Kg3 Nf6 83. Kf2 Ke7 84. Ke3
Kd6 85. Kd3 Nh5 86. Ke3 Nf4 87. Kf2 Nh5 88. Kg2 Nf6 89. Kg3 Kc5 90. Kf2 g4 91.
fxg4 Nxg4+ 92. Kf3 Nf6 93. Ke3 Kd6 94. Kf3 Nd7 95. Ke3 Kc5 96. Kd3 Kb4 97. Ke3
Kc3 98. Ke2 Kd4 99. Kf3 Kd3 100. Kg4 Kxe4 101. Kg5 Kxd5 102. Kf5 Kd4 {#R} 0-1

[Event "Meridian Invitational"]
[Site "Meridian, ID"]
[Date "2013.04.20"]
[Round "4"]
[White "Niro III, Frank A"]
[Black "Lundy III, George W"]
[Result "1-0"]
[WhiteElo "1700"]
[BlackElo "1611"]
[EventRounds "4"]
[EventCountry "USA"]

{Game/30; d5} 1. e4 g6 2. d4 Bg7 3. Nc3 c5 4. Nf3 cxd4 5. Nxd4 Nc6 6. Nxc6
Bxc3+ 7. bxc3 bxc6 8. Bd3 Qa5 9. Bd2 Rb8 10. O-O Nf6 11. c4 Qc7 12. f4 O-O 13.
e5 Nh5 14. g4 Ng7 15. Qe1 d6 16. Qg3 dxe5 17. fxe5 Be6 18. h4 Qd7 19. Rf4 Kh8
20. Raf1 h5 21. Bc3 Kg8 22. Rf6 exf6 23. exf6 Bxg4 24. fxg7 Rfe8 25. Bxg6 fxg6
26. Qf4 Bh3 27. Kh2 Qg4 28. Qf7+ {#r} 1-0

[Event "ICA PM (Open)"]
[Site "Boise, ID"]
[Date "2013.09.21"]
[Round "2.2"]
[White "Lundy III, George W"]
[Black "Hughes, Charles"]
[Result "0-1"]
[WhiteElo "1584"]
[BlackElo "1701"]
[EventRounds "5"]
[EventCountry "USA"]

1. g3 d5 2. Bg2 e5 3. c4 c6 4. b3 Nf6 5. d3 Be6 6. Nd2 Bc5 7. h3 dxc4 8. Nxc4
Bxc4 9. bxc4 Qb6 10. e3 O-O 11. Qc2 Na6 12. a3 Rfd8 13. Bd2 Rd7 14. Ne2 Rad8
15. Nc1 Nc7 16. Rb1 Qa6 17. Bb4 Ne6 18. O-O e4 19. d4 Bxd4 20. Bxe4 Nxe4 21.
Qxe4 Bf6 22. Qg4 c5 23. Nb3 cxb4 24. axb4 Qa4 25. Rfc1 Qxb4 26. Nd4 Qd6 27.
Nf5 Qc6 {#R} 0-1

[Event "ICA PM (Open)"]
[Site "Boise, ID"]
[Date "2013.09.21"]
[Round "3.5"]
[White "Sanderson, Kenneth"]
[Black "Lundy III, George W"]
[Result "0-1"]
[WhiteElo "1700"]
[BlackElo "1584"]
[EventRounds "5"]
[EventCountry "USA"]

1. e4 g6 2. d4 Bg7 3. Be3 c5 4. c3 cxd4 5. Bxd4 e5 6. Be3 Nf6 7. f3 b6 8. Bc4
Bb7 9. Na3 O-O 10. Qd6 Ne8 11. Qd2 a6 12. O-O-O Qc7 13. Ne2 Nf6 14. g4 Bc6 15.
Ng3 b5 16. Bb3 b4 17. Nc4 Bb5 18. Nd6 bxc3 19. bxc3 Bc6 20. h4 a5 21. a4 Na6
22. h5 Rab8 23. Qc2 Rxb3 24. Qxb3 Rb8 25. Qxf7+ Kh8 26. hxg6 Bd5 27. Qxg7+
Kxg7 28. Ngf5+ Kh8 29. c4 Bxc4 30. g7+ Kg8 31. Nh6+ Kxg7 32. Nhf5+ Kh8 33.
Nxc4 Qxc4+ {#R} 0-1

[Event "ICA PM (Open)"]
[Site "Boise, ID"]
[Date "2013.09.22"]
[Round "4.2"]
[White "Lundy III, George W"]
[Black "Leslie, Cameron"]
[Result "0-1"]
[WhiteElo "1584"]
[BlackElo "2006"]
[EventRounds "5"]
[EventCountry "USA"]

1. e4 c5 2. Nf3 g6 3. Bd3 Bg7 4. c3 Nc6 5. Bc2 d5 6. O-O Bg4 7. h3 Bxf3 8.
Qxf3 e6 9. exd5 exd5 10. Re1+ Nge7 11. d3 O-O 12. Bf4 Qb6 13. b3 Rfe8 14. Bg5
Nf5 15. Rxe8+ Rxe8 16. Nd2 Ncd4 17. cxd4 Nxd4 18. Qxd5 Ne2+ 19. Kf1 Bxa1 20.
Be3 Nd4 21. Bd1 Bc3 22. Nc4 Qc7 23. Qd6 Qe7 24. Qxe7 Rxe7 25. Na3 Nf5 26. Ke2
Kg7 27. g4 Nxe3 28. fxe3 g5 29. Nc2 Kg6 30. Kf2 f5 31. Bf3 f4 32. Be4+ Kf6 33.
exf4 gxf4 34. Kf3 Ke5 35. h4 a6 36. g5 Rg7 37. Kg4 Bd2 38. Kf3 b5 39. Ke2 Bc3
40. Kf3 b4 41. a4 a5 42. Kg4 Bd2 43. Kf3 Bc1 44. Bc6 h6 45. Kg4 hxg5 46. hxg5
f3 47. Kxf3 Rxg5 48. Bb5 Rh5 49. Ne1 Kd4 50. Kg4 Rh8 51. Nf3+ Kc3 52. Bc4 Rf8
53. Ne5 Rf4+ 54. Kg3 Rxc4 55. Nxc4 Kxb3 56. Nxa5+ Kxa4 57. Nc4 b3 58. Kf3 b2
59. Nxb2+ Bxb2 60. Ke3 Kb3 {#R} 0-1